000 00430nam a2200205Ia 4500
001 11775
003 GE_BSU
008 181216s||||||||xx |||||||||||||| ||und||
020 _a9780061958045
040 _cGE_BSU
080 _a821.111-31
100 _aSparks,Kerrelyn
245 _aVampire Mine.
260 _aNew York
260 _bAvon
260 _c2011
300 _a369p.18cm.
653 _aVampire Mine.
942 _cBK
999 _c44954
_d44954